Il circuito fallico

保存先:
書誌詳細
第一著者: Majore Ignazio
フォーマット: 図書
言語:言語不明
出版事項: Roma Astrolabio 1972
タグ: タグ追加
タグなし, このレコードへの初めてのタグを付けませんか!

MARC

LEADER 00000nam a2200000Ia 4500
001 217
003 NUMERAZIONE-ORIGINALE-BRESCIA
005 20260206230750.0
008 260206s9999 xx 000 0 und d
100 |a Majore Ignazio 
245 0 |a Il circuito fallico 
260 |a Roma 
260 |b Astrolabio 
260 |c 1972 
500 |a Analisi mentale della sessualità 
500 |a Psiche e coscienza 
942 |2 ddc  |c BK  |n 0 
952 |0 0  |1 0  |2 ddc  |4 0  |6 15  |7 0  |9 28417  |a BS  |b BS  |d 2026-02-06  |i 217  |l 0  |o 1-5-*  |r 2026-02-06 22:40:34  |w 2026-02-06  |x [REVISIONARE]  |y BK 
999 |c 24098  |d 24098